|
|
|
|
| LEADER |
00000csc a2200000 a 4500 |
| 001 |
26016 |
| 005 |
20230308205558.0 |
| 008 |
959012|1951 ||||||||r|||||||||||spa|| |
| 040 |
|
|
|b spa
|
| 041 |
1 |
|
|a spa
|
| 082 |
0 |
|
|a 862.59
|
| 100 |
1 |
|
|a Pemán, José María
|d 1898-1981
|9 286386
|
| 245 |
|
|
|a El divino impaciente. El testamento de la mariposa. Metternich
|c José María Pemán
|h imp
|
| 264 |
|
|
|a Madrid
|b Aguilar
|c 1951
|
| 300 |
|
|
|a 468 páginas:
|c 12 cm
|
| 490 |
|
|
|a Crisol
|n no. 46
|
| 650 |
1 |
|
|a Teatro español
|
| 852 |
|
|
|a UC-CDJBV
|c ESTANTERIA CERRADA
|f Compra
|k margarita.gutierrez
|l 1
|m Limitada
|p 19590121
|q 18,00
|t 26016
|b 1
|d CDRC
|e CDRC
|g 862.59 ESTANTERIA CERRADA
|z 1959-90-12
|
| 942 |
|
|
|
| 999 |
|
|
|c 111970
|d 111970
|